000 00890nmc a2200313 a 4500
003 AR-BaBNM
005 20251128205140.0
008 166119s1982 ||||||||||||||000 | spa||
040 _cAR-BaBNM
100 1 _aBruera, Ricardo
245 1 0 _aLa matética
_bteoría de la enseñanza y ciencia de la educación
250 _a1ª ed.
260 _aRosario
_bMatética
_c1982
300 0 _a264 p.
490 0 _aTeoría de la educación
504 _aBibliografía e índice de autores al final del libro
650 4 _aCIENCIAS DE LA EDUCACION
650 4 _aTEORIAS DE LA EDUCACION
650 4 _aCRISIS DE LA EDUCACION
650 4 _aCURRICULO
650 4 _aROL DEL DOCENTE
650 4 _aDIDACTICA
650 4 _aEDUCACION MORAL
650 4 _aFILOSOFIA DE LA EDUCACION
650 4 _aAPRENDIZAJE
700 1 _aGozzer, Giovanni
_eprologuista
942 _cBK
998 _cCarmen
999 _c10194
_d10194